000
00319nam a2200133Ia 4500
005
20251222141844.0
008
251222s9999||||xx |||||||||||||| ||spa||
020
_a
970-26-0599-7
082
_a
658.562/A39
100
_a
Alexander Servat, Alberto G.
245
0
_a
Calidad:
264
_b
Pearson Educación
942
_c
LIB
999
_c
7521
_d
7521